zpět

Detail výsledku týmu

Burger & Beer Brothers, Olomouc

Datum a čas kvízu

15.5 Celkem bodů Celkový počet nahraných bodů na tomto kvízu bez doplňovacích otázek.
7. Pořadí na kvízu Konečné umístění týmu na tomto kvízu.

Zaznamenané odpovědi

# Otázka Odpověď Body Výsledky
1. Pražští radní jednohlasně rozh... o zrušení ohňostroje (pořádaného městem) 1
2. Tým vědců pod vedením Jima Smi... o vodku 0
3. Do českých kin minulý čtvrtek... Toy Story: Příběh hraček 1
4. Velká pardubická steeplechase... Česká pojišťovna 0
5. Českým basketbalistou roku se... Kateřina Elhotová 0
6. V tomto tématu stačí vždy odpo... ANO 1
7. Italský fotbalový klub AC Milá... NE 0
8. Guinea-Bissau je republika nac... ANO 0
9. Coulombův zákon popisuje síly... NE 1
10. Tolstolobik bílý je sladkovodn... NE 0